Essessment Mathematics National Curriculum Practice Tests Key Stage 2. (Record no. 3371)

MARC details
000 -LEADER
fixed length control field 00406nam a22001217a 4500
005 - DATE AND TIME OF LATEST TRANSACTION
control field 20201130111536.0
008 - FIXED-LENGTH DATA ELEMENTS--GENERAL INFORMATION
fixed length control field 201130b ||||| |||| 00| 0 eng d
020 ## - INTERNATIONAL STANDARD BOOK NUMBER
International Standard Book Number 0748725113
040 ## - CATALOGING SOURCE
Transcribing agency CML
245 ## - TITLE STATEMENT
Title Essessment Mathematics National Curriculum Practice Tests Key Stage 2.
Statement of responsibility, etc. McArdle S.
260 ## - PUBLICATION, DISTRIBUTION, ETC.
Place of publication, distribution, etc. Wellington Street
Name of publisher, distributor, etc. Stanley Thornes
Date of publication, distribution, etc. 1996
942 ## - ADDED ENTRY ELEMENTS (KOHA)
Source of classification or shelving scheme Dewey Decimal Classification
Koha item type Books
Edition 1st Edition
Classification part 510
Call number suffix MCA
Holdings
Withdrawn status Lost status Source of classification or shelving scheme Damaged status Not for loan Collection code Home library Current library Shelving location Date acquired Total Checkouts Full call number Barcode Date last seen Copy number Price effective from Koha item type
    Dewey Decimal Classification     Natural Sciences & Mathematics Chalimbana Main Library Chalimbana Main Library Natural Sciences & Mathematics 11/30/2020   510 MCA 9780748725113 11/30/2020 1 11/30/2020 Books

Powered by Koha